Statistics for August - Taylor Swift Lyrics

Click here to take the quiz!

General Stats

  • This quiz has been taken 289 times
  • The average score is 236 of 341

Answer Stats

Answer% Correct
a
100%
i
100%
you
98%
the
97%
and
96%
never
96%
in
88%
your
88%
ca
87%
on
86%
air
85%
do
85%
salt
84%
august
83%
away
81%
of
81%
can
80%
mine
80%
when
80%
door
79%
me
79%
slipped
78%
we
78%
it
77%
see
77%
us
77%
cause
76%
were
76%
moment
75%
rust
75%
tim
75%
was
75%
bottle
71%
like
71%
time
70%
wine
70%
lost
69%
memory
69%
my
67%
back
64%
ever
63%
bedsheets
62%
have
61%
are
60%
before
60%
into
57%
to
57%
twisted
57%
call
56%
for
56%
but
55%
sure
55%
whispers
55%
all
52%
hope
52%
cancel
51%
just
51%
plans
51%
meet
48%
then
48%
case
47%
remember
47%
you're
47%
enough
46%
behind
45%
mall
45%
wanting
44%
had
43%
better
42%
changing
40%
say
40%
so
40%
live
39%
still
39%
lose
38%
sipped
38%
could
37%
love
37%
wishing
37%
summer
36%
write
36%
name
35%
school
35%
sun
35%
thinking
35%
much
33%
said
30%
weren't
30%
car
29%
get
29%
will
26%
saying
25%
living
24%
up
24%
ll
23%
pulled
22%
you'd
22%
cancelled
20%
called
17%
no
17%
incase
15%
twisting
13%
remeber
6%
behing
4%
yor
1%

Score Distribution

Percentile by Number Answered

Percent of People with Each Score

Your Score History

You have not taken this quiz